Concepts in chemistry

Tallennettuna:
Bibliografiset tiedot
Päätekijä: Arthur W Greenstore
Aineistotyyppi: Kirja
Kieli:Undetermined
Julkaistu: New York Harcourt, Braca and World 1966
Aiheet:
Tagit: Lisää tagi
Ei tageja, Lisää ensimmäinen tagi!
Thư viện lưu trữ: Trung tâm Học liệu Trường Đại học Cần Thơ
LEADER 00539nam a2200181Ia 4500
001 CTU_19128
008 210402s9999 xx 000 0 und d
082 |a 540 
082 |b G815 
100 |a Arthur W Greenstore 
245 0 |a Concepts in chemistry 
245 0 |c Arthur W Greenstore, Frank X Sutman, Leland G Hollingworth 
260 |a New York 
260 |b Harcourt, Braca and World 
260 |c 1966 
650 |a chemistry 
904 |i Nguyễn Quang Điền, 960601 
980 |a Trung tâm Học liệu Trường Đại học Cần Thơ